Statistics for Mystery Country #8

Click here to take the quiz!

General Stats

  • This quiz has been taken 159 times
  • The average score is 14 of 17

Answer Stats

QuestionClues% Correct
2. What language of South Africa evolved from Dutch?
98%
3. What Asian national capital ends with "bad"?
95%
5. What is the largest city on New Zealand's South Island?
94%
4. What strait separates Russia from Alaska?
93%
The Mystery Country is not in Oceania
90%
6. What Ecuadorian island chain was famously visited by Charles Darwin?
89%
7. What desert, starting with the letter M, can be found in southeast California?
88%
The Mystery Country has red in its flag
87%
1. What sea lies between Italy and Croatia?The Mystery Country is not in South America
87%
The Mystery Country does not have Euro or Dollar as its currency
86%
8. What is the world's most populous river basin?
83%
The Mystery Country has 3 horizontal stripes in its flag
76%
In the Mystery Country you should drive on the right side of the road
70%
The Mystery Country was once formed a union with a different country
69%
The Mystery Country is:
59%
The Mystery Country is on the Balkan peninsula
59%
Serbia
51%

Score Distribution

Percentile by Number Answered

Percent of People with Each Score

Your Score History

You have not taken this quiz